000 00762nam a22002657a 4500
003 CHAP
005 20220329133314.0
008 971013s1986 r 00010 d
010 _a4643
011 _a5615
035 _a4829
040 _cCHAP
090 _aFolleto 13403
110 _aCentro de Investigaciones Ecológicas del Sureste. San Cristóbal de las Casas, Chis.
_921120
245 _aCatálogo mapotecas CIES
260 _aSan C.de las Casas, Chis. :
_bEl Centro,
_c1986
300 _a44 p.
500 _aD54-21
590 _aBATCH-UPD
_b10
_c20130110
_lUCH01
_h1124
590 _aCONVERSION
_b10
_c20130109
_lUCH01
_h1304
650 1 4 _aMapas.
_971128
901 _aBK
942 _cFOLL
949 _aFolleto 13403
_bBC
_cFOLL
_d-14392
_eTS1
_i4829
_si
999 _c4643
_d4643